Quizzes
Events
Quiz Creation
Community
Videos
Private Events
Remove Ads
Sign In
Join for FREE
Feedback
Dark Mode
Quiz Categories
Sports
Geography
Music
Movies
Television
Just For Fun
Miscellaneous
History
Literature
Language
Science
Gaming
Entertainment
Religion
Holiday
For Kids
Quiz Lab
Recent
Popular Today
Quiz Kudos Today
Editor Picks
Curator Picks
Quizzes by...
Day
Popularity
Type
Ratings
Length
Year
Community
Subscriptions
Recent Discussions
Orange Saloon
Badges
Playlists
Quests
Create
Leaderboards
Showdown
Live 5
Trivia Bingo
Activity
Puzzle Library
Sporcle Events
Private Events
Virtual Trivia
Globe League
Become a Host
Pub Owners
SporcleCon
Opinionation
Our Games
Videos
Blog
Mobile Apps
Partnerships
Remove Ads and Go Orange
Feedback
Music
Pop Music
The Beatles
Song
Album
Lyrics
Bands
Singers
Artist
Clip
Rock
Rap
Classical
Billboard
Country Music
Kpop
Taylor Swift
Music
Pop Music
The Beatles
Song
Album
Lyrics
Bands
Singers
Artist
Clip
Rock
Rap
Classical
Billboard
Country Music
Kpop
Taylor Swift
Random Quiz
Search Sporcle
×
Quiz Lab
Quiz Lab
Music
track
Type in answers that appear in a list
Type in answers that appear in a list
Classic
Best Score? Go Orange.
Panic! at the Disco - Bonus tracks Stats
Can you name the Panic! at the Disco Bonus tracks?
By
Cassieisnotacat
10m
11 Questions
131 Plays
131 Plays
131 Plays
Comments
Comments
Give Quiz Kudos
Give Quiz Kudos
-
- Ratings
hide this ad
Replay
Link that replays current quiz
Next Quiz
Link to next quiz in quiz playlist
You Got
0%
They Got
Avg Score
55%
Avg Friend Score
Upgrade to see
Score Distribution
Jump to the score distribution portion of the page
Score
0/11
Timer
10:00
0
Plays Today
Hint
Answer
% Correct
Too Weird to Live Too Rare to Die
All the boys
76.9%
Vices and Virtues
Bittersweet
71.5%
Vices and Virtues
Stall me
70.8%
Vices and Virtues
Turn off the lights
68.5%
Vices and Virtues
Kaleidoscope eyes
64.6%
Too Weird to Live Too Rare to Die
Can't fight against the youth
59.2%
Vices and Virtues
I wanna be free
53.8%
Pretty.Odd
Behind the Sea
48.5%
Pretty. Odd.
Nine in the afternoon
40%
Pretty. Odd.
Mad as Rabbits
35.4%
Pretty. Odd.
Do you know what I'm seeing?
25.4%
Quiz Playlist
Details
Report
Send in Message
Add To Playlist
Classic:
Type in answers that appear in a list
Last Updated: Feb 16, 2017
Quiz Scoreboard
CHALLENGE
Sign Up to Join the Scoreboard
Show All
Scores
Hide
Comments
May contain spoilers
Recently Published
Popular People in 1961
by mucciniale
History
6m
1-10 Letter E Words III
by El_Dandy
Language
2m
One Thing in Common: World Cities II
by knightlancer
Geography
7m
More to Explore
Quiz From the Vault
Featured Blog Post
Where Did the Easter Bunny Come From?
hide this ad
You Might Also Like...
Tags
disco
panic
track
Today's Top Quizzes in Music
Browse Music
hide this ad
Today's Top Quizzes in track
Browse track
Top Contributed Quizzes in Music
1
Taylor Swift All Songs (2024)
2
2010s Album by Cover III
3
Taylor Swift Logic Puzzle
4
One Thing in Common: Music
5
Guess the Artist- 70s Songs
6
Guess the Taylor Swift song (Mystery Song)
7
2010s Album by Cover V
8
2010s Album by Cover IV
9
Lana Del Rey Discography (BTD to DYKTTATUOB)
10
KPOP LOGIC QUIZ
Explore More
Trending Topics
Harry Potter
Anime
NBA
Kpop
Disney
Marvel
Crossword
Soccer
NFL
Puzzle
Song
WWE
Country
Pokémon
The Office
hide this ad
More By:
Cassieisnotacat
Quiz
Plays
Rating
Category
Featured
Created
Panic! at the Disco - Bonus tracks
131
4.00
Music
Aug 25, 2016
Go to Creator's Profile
Score Distribution
Quiz Creator Spotlight
Cassieisnotacat
Follow
Send a Message
Quizzes Created
-
Created Quiz Play Count
-
More By This Creator
Popular Quizzes Today
1
Find the US States - No Outlines Minefield
2
The Countries of the World
3
Find the Countries of Europe - No Outlines Minefield
4
Popular People in 1961
5
1-10 Letter E Words III
6
Find the US States
7
One Thing in Common: World Cities II
8
US States
More Music Quizzes
One Artist, Two Different Number Ones II
Published
Trending Quizzes
Risky Map Clicking: Least Populous States A-Z
1-10 Letter F Words
1-10 Letter G Words
One Thing in Common: United Kingdom
Risky Map Clicking: Next State Alphabetically
Recently Updated
Leaping Animals
pecheneg
Reality TV Shows (A-Z)
bhenderson79
Rickey Henderson's Hall of Fame Teammates
pecheneg
Champions League XIs: Arsenal
pecheneg
Quick Pick: Celebrities in WWE's Hall of Fame
aduchscher
A-Z Keypad Blitz II
pecheneg
Multiple Oscar Actors
pecheneg
Mystery Phrase Blitz: Oscar 'Best Actors'
pecheneg
F. Scott Fitzgerald Novels
LTH
Pick 3 Villains
ddd62291
Trending Topics
Crossword
Kpop
Harry Potter
NBA
Anime
Marvel
Disney
Country
Puzzle
The Office
NFL
Song
Soccer
WWE
Pokémon
Your Account Isn't Verified!
In order to create a playlist on Sporcle, you need to verify the email address you used during registration. Go to your
Sporcle Settings
to finish the process.
Report this User
Report this user for behavior that violates our
Community Guidelines
.
Details:
Send Report
Go to the Sporcle.com Mobile Site →
Comments